Historical People Spelling Test Quiz Stats

 Plays Quiz Updated Aug 4, 2017

Support Sporcle.
Go Orange.
Score 0/20 Timer 05:00
1 Play Today
Question Answer Wrong Answers
... Mohandas Gandhi
78.1%
Mohandus Gandhi
5.5%
Mohandas Ghandi
13%
Mohandus Ghandi
3.2%
... Ferdinand Magellan
76.3%
Ferdinand Magallen
4.7%
Ferdinand Magellen
10.7%
... Hosni Mubarak
69.6%
Hosni Mubarek
21.2%
... Mother Teresa
66.4%
Mother Theresa
22.4%
... Suleiman I
65%
Sulamein I
10.7%
Sulemain I
12.6%
Sulamen I
6.5%
... Eleanor of Aquitaine
63.9%
Eleanor of Acquitane
13.5%
Eleanor of Aquataine
11.2%
Elenore of Aquitaine
8.9%
... Tecumseh
63.7%
Tecumsah
13.8%
Tacumseh
8.7%
Tecomsah
5.1%
... Chiang Kai-shek
62%
Chaing Kai-shek
9.6%
Chaing Kai-chek
6.7%
Chiang Kai-chek
20.5%
... Medgar Evers
61.3%
Medger Evers
27.6%
... Madeleine Albright
56.9%
Madeline Albright
26.9%
Madaline Albright
2.6%
Madeliene Albright
6.7%
... Johannes Gutenberg
53.8%
Johannes Guttenberg
38.9%
... Dante Alighieri
53%
Dante Aligieri
7.7%
Dante Aligheri
22.6%
Dante Aligheiri
10.4%
... Friedrich Nietzsche
49.6%
Friedrich Nietszche
19.5%
Friedrich Niezstche
7.5%
Friedrich Nieztsche
13.1%
... Vasco da Gama
48.6%
Vasco de Gama
30.7%
Vasco di Gama
11.8%
... Francisco Pizarro
43%
Francisco Pizzaro
26.9%
Francisco Pizzarro
20.6%
... Niccolò Machiavelli
42.6%
Niccolò Macchiavelli
49.8%
... Nikita Khrushchev
41.9%
Nikita Kruschev
15.8%
Nikita Krushchev
22.2%
Nikita Krushzchev
8.8%
... Ramsay MacDonald
41.7%
Ramsey MacDonald
21.5%
Ramsay McDonald
17.7%
Ramsey McDonald
15%
... Malala Yousafzai
37.7%
Malala Youszafai
16.4%
Malala Yousefzai
18.3%
Malala Yousafazai
16.8%
... Meriwether Lewis
27.5%
Merryweather Lewis
13.6%
Meriweather Lewis
18.9%
Merriwether Lewis
30.1%

You're not logged in!

Compare scores with friends on all Sporcle quizzes.
OR
Log In
Forgot?

From the Vault

Closing Lyrics: TV Edition

by Hejman

The best part of a TV Theme song is usually the end.
Remove Ads.
Support Sporcle.
Get the best of Sporcle when you Go Orange. This ad-free experience offers more features, more stats, and more fun while also helping to support Sporcle. Thank you for becoming a member.

Show Comments

Extras

Top Quizzes Today


Score Distribution

Your Account Isn't Verified!

In order to create a playlist on Sporcle, you need to verify the email address you used during registration. Go to your Sporcle Settings to finish the process.

Report this User

Report this user for behavior that violates our Community Guidelines.

Details: